000 00818cam a22002897i 4500
001 17811741
003 OSt
005 20250901165808.0
008 130715s2012 ke 000 0 swa
010 _a 2012310699
020 _a9780195737929
040 _aDLC
_beng
_cDLC
_erda
042 _alcode
050 0 0 _aPL 8704 .K96 2012
100 1 _aKyovi, Pauline K.
245 1 0 _aBeluwa /
_cPauline Kea Kyovi.
264 1 _aNairobi, Kenya :
_bOxford University Press, East Africa Ltd,
_c2012.
300 _a90 pages ;
_c18 cm
336 _atext
_2rdacontent
337 _aunmediated
_2rdamedia
338 _avolume
_2rdacarrier
520 _aA novel.
546 _aIn Swahili.
906 _a7
_bcbc
_corigode
_d4
_encip
_f20
_gy-gencatlg
942 _2lcc
_cBK
999 _c9332
_d9332